00893cam a22002774a 450000500170000000800410001701000180005802000390007602000360011502000400015102000370019102000400022802000310026803500170029903700130031604000130032908200120034210000170035424500730037126000350044430000420047950500420052161000460056365000030060965000030061220100726104723.0080916s2009 ii a bc 000 0 eng d aENG-96717-718 a9788172681845 (set)c1800.00 (set) a8172681844 (set)c1800.00 (set) a9788172681852 (v. 1)c1800.00 (set) a8172681852 (v. 1)c1800.00 (set) a9788172681869 (v. 2)c1800.00 (set) a8172681860 (v. 2)c1800.00 aEN-80250-251 bDBAD/PUB adplbeng04a615.3211 aFernie, W.T.10aHarbal simples:cby W.T. Fernie,bapproved for modern user of cure / aNew Delhi :bLogos pressc2008 a2 v. (xx,322 p.) (xx, 651p.) c23 cm.0 av. 1. Chapels A-L-- v. 2. Chapels M-Z20aBao-xiang Lou (Pantheon : Beijing, China) 0 0